000 00300nam a22001337a 4500
008 170623b xxu||||| |||| 00| 0 eng d
020 _a0495808032
041 _aeng
080 _a32
100 _a21
101 _aSHP
245 _aREADINGS IN COMPARATIVE POLITICS
_cKESSELMAN, M
942 _2udc
_cBK
999 _c19061
_d19061